[Event "POL Youth-ch U20 Girls 2020"]
[Site "Pokrzywna"]
[Date "2020.12.01"]
[Round "3.1"]
[White "Sowa, Wiktoria"]
[Black "Antolak, Julia"]
[Result "0-1"]
[WhiteElo "2093"]
[BlackElo "2313"]
[Annotator "RC"]
[PlyCount "86"]
[EventDate "2020.11.29"]
[EventType "swiss"]
[EventCountry "POL"]
[SourceTitle "playchess.com"]
[Source "ChessBase"]
[SourceQuality "1"]
[TimeControl "40/5400+30:1800+30"]

1. e4 {[%emt 0:00:00]} c5 {[%emt 0:00:00]} 2. Nf3 {[%emt 0:00:00]} d6 {[%emt 0:00:00]} 3. d4 {[%emt 0:00:00]} cxd4 {[%emt 0:00:00]} 4. Nxd4 {[%emt 0:00:00]} Nf6 {[%emt 0:00:00]} 5. Nc3 {[%emt 0:00:21]} a6 {[%emt 0:00:00]} 6. h3 {[%emt 0:00:27]} e6 {[%emt 0:01:29]} 7. g4 {[%emt 0:00:31]} h6 {[%emt 0:00:39]} 8. Bg2 {[%emt 0:00:31]} Nc6 {[%emt 0:00:57]} 9. b3 {[%emt 0:01:57]} Be7 {[%emt 0:04:58]} 10. Bb2 {[%emt 0:00:25]} O-O {[%emt 0:02:39]} 11. Qd2 {[%emt 0:02:01]} Nxd4 {[%emt 0:03:11]} 12. Qxd4 {[%emt 0:01:42]} e5 {[%emt 0:00:13]} 13. Qd3 {[%emt 0:04:05]} b5 {[%emt 0:04:19]} 14. f4 {[%emt 0:15:44]} Nd7 {[%emt 0:06:49]} 15. O-O-O {[%emt 0:02:42]} exf4 {[%emt 0:02:39]} 16. Nd5 {[%emt 0:09:25]} Bg5 {[%emt 0:10:17]} 17. Kb1 {[%emt 0:00:49]} Bb7 {[%emt 0:12:08]} 18. Qd4 {[%emt 0:07:18]} Ne5 {[%emt 0:06:01]} 19. Rhf1 {[%emt 0:09:05]} Bxd5 {[%emt 0:09:45]} 20. Qxd5 {[%emt 0:01:18]} Ng6 {[%emt 0:02:12]} 21. e5 {[%emt 0:10:35]} dxe5 {[%emt 0:08:43]} 22. Qxa8 {[%emt 0:01:39]} Qxa8 {[%emt 0:00:03]} 23. Bxa8 {[%emt 0:00:06]} Rxa8 {[%emt 0:00:06]} 24. Rfe1 {[%emt 0:02:33]} f6 {[%emt 0:01:07]} 25. Rd7 {[%emt 0:03:20]} Bh4 {[%emt 0:04:26]} 26. Re4 {[%emt 0:05:07]} Nf8 {[%emt 0:04:36]} 27. Rd1 {[%emt 0:06:29]} Ne6 {[%emt 0:01:11]} 28. Bc1 {[%emt 0:04:15]} Re8 {[%emt 0:06:07]} 29. c4 {[%emt 0:03:08]} bxc4 {[%emt 0:02:02]} 30. Rxc4 {[%emt 0:00:38]} Bg3 {[%emt 0:01:19]} 31. a4 {[%emt 0:02:15]} Ng5 {[%emt 0:03:27]} 32. Rf1 {[%emt 0:03:00]} Nxh3 {[%emt 0:01:14]} 33. Rh1 {[%emt 0:00:02]} Nf2 {[%emt 0:00:48]} 34. Rf1 {[%emt 0:00:03]} Nxg4 {[%emt 0:01:05]} 35. Rd1 {[%emt 0:00:08]} Ne3 {[%emt 0:01:21]} 36. Bxe3 {[%emt 0:00:31]} fxe3 {[%emt 0:00:01]} 37. Rc2 {[%emt 0:00:24]} f5 {[%emt 0:00:20]} 38. Rd7 {[%emt 0:00:16]} e4 {[%emt 0:00:23]} 39. Ka2 {[%emt 0:00:32]} Be5 {[%emt 0:00:35]} 40. b4 {[%emt 0:00:00]} f4 {[%emt 0:00:00]} 41. b5 {[%emt 0:00:15]} axb5 {[%emt 0:01:09]} 42. axb5 {[%emt 0:00:02]} f3 {[%emt 0:00:13]} 43. b6 {[%emt 0:00:04]} e2 {[%emt 0:00:07]} 0-1

[Event "POL Youth-ch U20 Girls 2020"]
[Site "Pokrzywna"]
[Date "2020.12.01"]
[Round "3.2"]
[White "Malicka, Maria"]
[Black "Goraj, Barbara"]
[Result "1/2-1/2"]
[WhiteElo "2291"]
[BlackElo "2078"]
[Annotator "TA"]
[PlyCount "62"]
[EventDate "2020.11.29"]
[EventType "swiss"]
[EventCountry "POL"]
[SourceTitle "playchess.com"]
[Source "ChessBase"]
[SourceQuality "1"]

{[%evp 17,62,36,73,58,70,36,49,57,69,16,9,20,18,13,10,22,33,14,12,0,0,0,0,0,0,0,0,0,0,0,0,0,8,0,0,0,8,8,8,8,8,8,8,0,0,0,0]} 1. e4 c5 2. Nf3 Nc6 3. d4 cxd4 4. Nxd4 Nf6 5. Nc3 d6 6. Bg5 Bd7 7. Qd2 Rc8 8. f4 $1 {[%mdl 4] outshines the older 8.0-0-0.} Nxd4 9. Qxd4 Qa5 10. e5 {B61: Sicilian: Richter-Rauzer: 6...Bd7 7 Qd2.} dxe5 11. fxe5 {Threatens to win with 0-0-0.} e6 $1 12. O-O-O {White is slightly better.} Bc5 13. Qd2 ({White should play} 13. Qd3 $14 Nd5 14. Nxd5 exd5 15. Qxd5) 13... Nd5 $1 $11 14. Nxd5 Qxd2+ 15. Rxd2 {And now Nc3 would win.} exd5 16. Rxd5 h6 17. Bd2 Be6 {The position is equal.} 18. Bb5+ Ke7 19. Rxc5 {[%mdl 64] [#] Remove Defender} Rxc5 20. Bb4 Rhc8 21. Rd1 a5 22. Ba3 Bxa2 {[#]} 23. Rd3 $146 {Black must now prevent Rc3.} ({Predecessor:} 23. Bxc5+ Rxc5 24. Rd7+ Ke6 25. Rxb7 Bd5 26. Rb6+ Kxe5 27. g3 Ke4 28. b3 Ke3 29. Kb2 {½-½ (56) Quparadze,G (2481)-Shanava,K (2543) Tbilisi 2016}) 23... Be6 24. Kd2 Bf5 25. Rc3 {[%mdl 64] [#] Pin} b6 26. Bxc5+ Rxc5 27. Rxc5 bxc5 {KB-KB} 28. Bc4 f6 29. exf6+ Kxf6 30. c3 Be4 31. g3 Ke5 {Black took control after the opening.  Weighted Error Value: White=0.07/Black=0.02} 1/2-1/2

[Event "POL Youth-ch U20 Girls 2020"]
[Site "Pokrzywna"]
[Date "2020.12.01"]
[Round "3.3"]
[White "Rudzinska, Michalina"]
[Black "Budkiewicz, Magdalena"]
[Result "1-0"]
[WhiteElo "2189"]
[BlackElo "1672"]
[Annotator "TA"]
[PlyCount "65"]
[EventDate "2020.11.29"]
[EventType "swiss"]
[EventCountry "POL"]
[SourceTitle "playchess.com"]
[Source "ChessBase"]
[SourceQuality "1"]

{[%evp 15,65,16,62,61,61,69,59,33,64,54,98,123,107,65,123,86,143,132,174,164,254,250,388,202,368,250,283,282,274,214,281,282,286,285,387,361,438,441,479,493,494,475,443,407,926,883,895,925,863,856,1704,1680]} 1. e4 c5 2. Nf3 d6 3. d4 cxd4 4. Nxd4 Nf6 5. Nc3 a6 6. Bg5 e6 7. f4 Qc7 8. Qf3 Nc6 9. Bxf6 {B96: Sicilian Najdorf: 6 Bg5 e6 7 f4, lines other than 7...Qb6 and 7...Be7.} gxf6 10. O-O-O Nxd4 11. Rxd4 {White is slightly better.} Bd7 12. f5 {[#]} Bh6+ $146 ({Predecessor:} 12... Qc5 13. Rd1 Rc8 14. Kb1 Qe5 15. Bd3 h5 16. Ne2 Bh6 17. h4 Ke7 18. Rh3 Rcg8 {1-0 (41) Hayrapetyan,A (2352)-Pashikian,A (2643) Jermuk 2011}) 13. Kb1 {Hoping for fxe6.} Qc5 14. Rd1 {Threatens to win with fxe6.} Qe5 (14... O-O-O $14) 15. Bd3 Qf4 ({Black should play} 15... O-O-O) 16. Qh3 $16 Qe3 17. g3 $1 Bg7 (17... Rc8 $142) 18. Bc4 $18 {[%cal Rf5e6]} Ke7 {[#]} (18... Qh6 {was necessary.} 19. Qf1 Bf8) 19. Bb3 (19. e5 $142 $1 {[%mdl 512]} dxe5 {[#]} 20. Rxd7+ $1 {[%mdl 576] Remove Defender} Kxd7 21. fxe6+ Kc6 22. Qg4) 19... Rad8 $2 (19... h5 {keeps fighting.} 20. Rhe1 Qb6) 20. Rhe1 Qc5 21. Ne2 e5 22. Nc3 Bc6 23. Qh5 {[%csl Gb3][%cal Rh5f7]} Rhf8 24. Qxh7 Bh8 25. g4 b5 26. h4 b4 27. Nd5+ Bxd5 28. Bxd5 ({Less strong is} 28. exd5 Qb5 $16) ({Don't take} 28. Rxd5 Qc7 $18) 28... Rd7 29. g5 {Strongly threatening g6.} fxg5 (29... Kd8 $142 30. Qh6 Re8) 30. hxg5 {White is clearly winning.} Kd8 31. Qh6 Re8 32. Bb3 Qc6 {[#]} 33. Bxf7 $1 {[%mdl 512] Weighted Error Value: White=0.24/Black=0.48} 1-0

[Event "POL Youth-ch U20 Girls 2020"]
[Site "Pokrzywna"]
[Date "2020.12.01"]
[Round "3.4"]
[White "Dylag, Emilia"]
[Black "Kiolbasa, Oliwia"]
[Result "0-1"]
[WhiteElo "2082"]
[BlackElo "2260"]
[Annotator "TA"]
[PlyCount "80"]
[EventDate "2020.11.29"]
[EventType "swiss"]
[EventCountry "POL"]
[SourceTitle "playchess.com"]
[Source "ChessBase"]
[SourceQuality "1"]

{[%evp 28,80,14,0,0,-14,0,-60,-59,-45,-62,-69,-33,-30,-26,-35,0,0,6,-99,-112,-134,-134,-121,-49,-76,0,0,0,-39,-39,-39,-39,-38,-56,-96,-96,-96,-96,-96,-96,-96,-96,-96,-96,-96,-96,-97,-96,-129,-128,-651,-649,-29981,-29975]} 1. d4 d5 2. c4 e6 3. Nc3 Nf6 4. cxd5 exd5 5. Bg5 c6 6. e3 Nbd7 7. Qc2 Be7 8. Bd3 O-O 9. Nf3 h6 10. Bh4 Re8 11. O-O Ne4 12. Bxe7 Qxe7 13. Bxe4 dxe4 14. Nd2 Nf6 15. Rae1 b6 {D36: Queen's Gambit Declined: Exchange Variation: Main line (5 Bg5 c6 6 Qc2).} 16. Qa4 a5 17. f3 (17. Rc1 $11) 17... Ba6 {Black is slightly better.} 18. Rf2 exf3 {[#]} 19. gxf3 $146 ({Predecessor:} 19. Nxf3 c5 20. Ne5 cxd4 21. exd4 Qc7 22. Nb5 Bxb5 23. Qxb5 Re6 24. Rfe2 Rae8 25. Rf1 Qd6 26. Qd3 Rxe5 27. Rxe5 Rxe5 {0-1 (27) Belsky,A (1400)-Nepomnin,V (1888) Moscow 2009}) 19... b5 20. Qc2 c5 21. dxc5 Bb7 22. Nxb5 {Threatens to win with Nd6.} Rac8 23. Nb3 (23. Nc4 $11 Rxc5 24. Nbd6) 23... a4 $17 24. N3d4 Rxc5 25. Qxa4 {[#]} Rg5+ (25... Ne4 $1 $17 {[%cal Re4f2]} 26. Rg2 Qh4) 26. Rg2 $1 $15 {[%cal Rg2g5]} Nd5 ({Black should play} 26... Qc5 $17) 27. Nd6 $1 $11 Ra8 28. Qb3 (28. N4f5 $5 {[%cal Rf5e7]} Rxg2+ 29. Kxg2 Rxa4 30. Nxe7+ Nxe7 31. Nxb7 $11) 28... Rxg2+ 29. Kxg2 Qxd6 30. Qxb7 Rb8 31. Qa7 Rxb2+ 32. Re2 Qg6+ 33. Kf2 {[#]} Rb1 $1 {[%csl Gb1][%cal Rg6g1]} 34. Re1 Rxe1 {[%mdl 64] Overworked Piece} 35. Kxe1 {Hoping for Qa8+.} Qg1+ {[%mdl 64] Double Attack} ({Of course not} 35... Nxe3 $6 36. Qa8+ Kh7 37. Qe4 $11) 36. Ke2 Qxe3+ 37. Kf1 {aiming for Qa8+.} Nc3 38. Qc5 g6 {Strongly threatening ...Nd1.} 39. Qc4 $2 {[%mdl 8192]} (39. Qc8+ $17 Kg7 40. Qc5) 39... Nd1 $19 {[%csl Gd1][%cal Re3f2]} 40. Kg2 Qg5+ {Weighted Error Value: White=0.77/Black=0.13} 0-1

[Event "POL Youth-ch U20 Girls 2020"]
[Site "Pokrzywna"]
[Date "2020.12.01"]
[Round "3.5"]
[White "Parol, Pola"]
[Black "Wikar, Martyna"]
[Result "1-0"]
[WhiteElo "2069"]
[BlackElo "2171"]
[Annotator "TA"]
[PlyCount "75"]
[EventDate "2020.11.29"]
[EventType "swiss"]
[EventCountry "POL"]
[SourceTitle "playchess.com"]
[Source "ChessBase"]
[SourceQuality "1"]

{[%evp 14,75,26,21,44,29,28,0,0,0,0,-8,0,0,31,-39,-37,-32,-33,-35,12,-39,-38,-36,-9,-11,-4,-4,-6,-11,2,9,43,33,44,35,43,42,38,42,65,52,76,65,91,90,106,60,86,0,0,0,55,0,112,0,0,11,315,0,5297,5189,29995,1168]} 1. e4 c5 2. Nf3 Nc6 3. d4 cxd4 4. Nxd4 e5 5. Nb5 d6 6. N1c3 a6 7. Na3 Be6 8. Nc4 Rb8 {now scores much better than the old 8...b5. B32: Sicilian: Löwenthal and Kalashnikov Variations.} 9. Ne3 Nf6 10. Be2 g6 {[#] The position is equal.} 11. O-O $146 ({Predecessor:} 11. Ned5 Bxd5 12. exd5 Ne7 13. f4 Qa5 14. fxe5 dxe5 15. O-O Nexd5 16. Bb5+ axb5 17. Nxd5 {0-1 (69) Frischmann,R (2312)-Breder,D (2463) Germany 2017}) 11... Bg7 12. f3 O-O 13. Ncd5 Nd4 14. c3 (14. Bc4 $14) 14... Nxe2+ $15 15. Qxe2 Nxd5 16. Nxd5 f5 17. Be3 (17. Rd1 $11) 17... Bxd5 18. exd5 Qe7 19. Bb6 Rbe8 20. c4 e4 21. Rae1 Qh4 {Threatening ...exf3.} 22. f4 g5 23. g3 Qh6 24. fxg5 Qxg5 25. Be3 Qg6 26. Kh1 Rc8 27. Rc1 Be5 28. b4 Qf7 29. Qd2 Qh5 30. Bf4 Rfe8 31. Bxe5 (31. c5 $16) 31... Rxe5 $11 32. Qe3 Kh8 (32... b5 $11) 33. Rf4 ({White should play} 33. a4 $14) 33... Rce8 (33... b5 $11) 34. Rg1 ({Better is} 34. Qb6 $16) 34... b5 35. g4 fxg4 $2 {[%mdl 8192] [#]} (35... Qf7 $1 $11) 36. Rfxg4 $2 (36. c5 $1 $18) 36... bxc4 $2 {[%mdl 8192]} (36... Qf7 $11) 37. Qa7 $18 {[%csl Gg1,Gg4][%cal Ra7g7]} Qh6 38. Rh4 {Weighted Error Value: White=0.35/Black=0.51} (38. Qf7 $142 Rg5 39. Rxg5 Qf8 {[#]} 40. Rg8+ $1 {[%mdl 512]} Qxg8 41. Qf6+ {[%mdl 64] Double Attack} Qg7 42. Qxg7#) 1-0

[Event "POL Youth-ch U20 Girls 2020"]
[Site "Pokrzywna"]
[Date "2020.12.01"]
[Round "3.6"]
[White "Kroliczek, Gabriela"]
[Black "Marcinczyk, Monika"]
[Result "1-0"]
[WhiteElo "1911"]
[BlackElo "2030"]
[Annotator "TA"]
[PlyCount "69"]
[EventDate "2020.11.29"]
[EventType "swiss"]
[EventCountry "POL"]
[SourceTitle "playchess.com"]
[Source "ChessBase"]
[SourceQuality "1"]

{[%evp 11,69,-45,-15,-52,12,12,12,10,21,-9,25,24,25,6,23,17,26,22,28,22,26,25,82,87,78,79,84,56,124,120,156,101,142,37,121,112,233,229,214,178,232,148,153,116,158,102,190,24,374,246,304,316,353,348,370,292,376,335,373,368]} 1. e4 e5 2. Nf3 Nc6 3. Bc4 Nf6 4. Ng5 d5 5. exd5 Nxd5 6. Qf3 Qxg5 7. Bxd5 {C57: Two Knights: Wilkes-Barre/Traxler and 4 Ng5 d5 5 exd5, unusual Black 5th moves.} Qg6 ({Black should try} 7... Nd4 $1 $15 8. Qxf7+ (8. Bxf7+ $2 Ke7 $19) 8... Kd8) 8. Bxc6+ $11 bxc6 9. d3 {The position is equal.} Bd7 {[#]} 10. Qe4 $146 (10. O-O {is more complex.} Bd6 11. Nd2 O-O 12. Nc4 Rae8 13. Re1) ({Predecessor:} 10. O-O Bd6 11. Nc3 O-O 12. Re1 c5 13. Qe3 Bc6 14. Qg5 Qe6 15. f4 f6 16. Qh5 {0-1 (26) Hipler,A-Halbey,C Wallertheim 1993}) 10... Qe6 11. O-O Bd6 12. Re1 O-O 13. Nd2 f5 14. Qc4 Qd5 15. b3 Rae8 16. Bb2 Kh8 (16... e4 $11) 17. Re2 $16 Re6 18. Rae1 Rfe8 19. Qc3 Rg6 (19... Rb8 $14) 20. f3 Qf7 21. Kh1 ({White should play} 21. Nc4) 21... Rh6 22. Nf1 ({Better is} 22. Nc4 $16) 22... Qh5 (22... c5 $14) 23. f4 Ree6 (23... Qg4 $16) 24. fxe5 $18 Be7 25. Bc1 Rhg6 (25... g5 $142 26. Qd4 Be8 27. Qxa7 f4) 26. Qd4 Be8 27. Qe3 Bh4 {[#]} 28. g3 ({Don't take} 28. Qxa7 Kg8 $16) (28. Qh3 $142 $1) 28... Bg5 {[#]} (28... c5 $16 {was worth a try.}) 29. Qf2 $2 $40 {[%mdl 128] White has some attack.} (29. Qc5 $1 $18 {[%cal Rc5f8]} Be7 30. Qxa7) 29... c5 $2 {[%mdl 8192]} (29... Bxc1 $11 {and Black is okay.} 30. Rxc1 c5) 30. Bxg5 Bc6+ 31. Kg1 Qxg5 32. Qxc5 {[%cal Rc5f8]} h5 33. Rf2 Re8 34. Qe3 Qg4 35. Qf4 {Weighted Error Value: White=0.34/Black=0.57} 1-0

[Event "POL Youth-ch U20 Girls 2020"]
[Site "Pokrzywna"]
[Date "2020.12.01"]
[Round "3.7"]
[White "Smietanska, Wiktoria"]
[Black "Kulpa, Zuzanna"]
[Result "0-1"]
[WhiteElo "2013"]
[BlackElo "1806"]
[Annotator "TA"]
[PlyCount "88"]
[EventDate "2020.11.29"]
[EventType "swiss"]
[EventCountry "POL"]
[SourceTitle "playchess.com"]
[Source "ChessBase"]
[SourceQuality "1"]

{[%evp 9,88,8,9,8,17,17,14,-1,8,-10,-6,-49,-61,-77,-57,-62,-47,-41,-47,-114,-54,-75,-35,-35,-35,-39,-14,-34,-14,-35,-34,-28,-31,-34,-27,-72,-82,-80,0,-95,-99,-115,-115,-155,-154,-150,-91,-459,-439,-458,-444,-441,-451,-447,-443,-428,-432,-484,-472,-487,-452,-707,-713,-706,-689,-789,-782,-759,-737,-1660,-1553,-12850,-6157,-29945,-5812,-29985,-29986,-29986,-29987,-29988,-29960]} 1. c4 c6 2. Nf3 d5 3. e3 Nf6 4. Nc3 a6 5. b3 Bg4 6. Be2 {A11: English Opening: 1...c6.} e6 7. h3 Bh5 {[#]} 8. Ne5 $146 {The position is equal.} ({Predecessor:} 8. O-O Bd6 9. Bb2 O-O 10. d4 Nbd7 11. Ne5 Bxe2 12. Nxe2 a5 13. Nf4 a4 14. Nfd3 {0-1 (49) Atalik,E (2450)-Mammadzada,G (2443) Playchess.com INT 2020}) 8... Bxe2 9. Qxe2 Nbd7 10. f4 Bb4 11. Nxd7 Qxd7 ({Much worse is} 11... Kxd7 $6 12. Bb2 $11) 12. Bb2 Bxc3 13. Bxc3 Ne4 14. Qg4 (14. Bxg7 $2 Rg8 $17) (14. Rg1 $1 $15) 14... f5 (14... dxc4 $17 15. O-O cxb3 16. axb3 Nxc3 17. dxc3 O-O) 15. Qh5+ $15 Kf8 (15... g6 {seems wilder.} 16. Qe2 O-O 17. Qd3 Ng3 18. Rg1 c5) 16. Qd1 Nxc3 17. dxc3 Qe7 18. Qd4 Qh4+ 19. Kf1 Kf7 20. Qb6 Qe7 21. cxd5 exd5 22. Qd4 Rae8 23. Kf2 Qa3 ({Black should try} 23... Qc7 $17) 24. b4 (24. c4 $11 {keeps the balance.}) 24... Qb2+ $17 25. Kf3 Re4 26. Qd3 Rhe8 $36 {[%mdl 2048] Black is on the roll.} 27. Rhe1 g6 (27... R8e6 $142 28. Rad1 Qxa2) 28. Kg3 $2 {[%mdl 8192] [#] Loses the game.} (28. a4 $17 {is a better chance.}) 28... Qxa1 $1 $19 {[%mdl 576] Deflection} 29. Rxa1 Rxe3+ 30. Qxe3 Rxe3+ {[%mdl 4096] Endgame KR-KR} 31. Kf2 Rxc3 32. a3 Rc4 33. Kf3 Ke6 34. g4 Rc3+ 35. Kg2 (35. Kf2 $142) 35... d4 36. Re1+ Re3 37. Rd1 Kd5 38. gxf5 gxf5 39. a4 Ke4 40. h4 d3 41. Kf2 Re2+ 42. Kf1 Ke3 {Black mates.} 43. h5 d2 44. h6 {[#]} Re1+ $1 {[%mdl 64] Promotion.  Weighted Error Value: White=0.88/Black=0.10} 0-1

[Event "POL Youth-ch U20 Girls 2020"]
[Site "Pokrzywna"]
[Date "2020.12.01"]
[Round "3.8"]
[White "Pawicka, Magdalena"]
[Black "Cieslak, Wiktoria"]
[Result "1-0"]
[WhiteElo "1762"]
[BlackElo "2008"]
[Annotator "TA"]
[PlyCount "127"]
[EventDate "2020.11.29"]
[EventType "swiss"]
[EventCountry "POL"]
[SourceTitle "playchess.com"]
[Source "ChessBase"]
[SourceQuality "1"]

{[%evp 17,127,15,10,0,0,-49,-28,-20,-19,-41,22,0,15,16,20,12,20,0,0,0,0,0,0,5,9,9,9,9,16,10,10,16,58,50,58,58,50,49,122,93,187,189,193,185,189,204,215,227,288,281,293,255,228,142,135,121,228,228,226,207,232,193,328,325,311,264,364,342,345,345,537,422,508,491,483,462,381,259,391,388,373,338,656,613,5081,5081,5081,5081,5068,5068,29975,29976,29979,29980,29983,29979,29979,29980,29991,29992,29992,29993,29993,29992,29992,29993,29993,29992,29993,29991,29992,29991]} 1. e4 c5 2. Nf3 d6 3. d4 cxd4 4. Nxd4 Nf6 5. Nc3 a6 6. Be2 e5 7. Nb3 Be6 8. Bg5 Nbd7 9. O-O Be7 10. Qd3 {B92: Sicilian Najdorf: 6 Be2.} O-O 11. f4 exf4 12. Bxf4 {Black has an edge.} Ne5 13. Qg3 Qc7 (13... Nfg4 $15 14. Qe1 Bg5) 14. Rad1 b5 15. a3 Rad8 16. Nd4 {[#]} Kh8 $146 ({Predecessor:} 16... Ng6 17. Bg5 Kh8 18. h4 Qc5 19. Kh1 Qe5 20. Qxe5 Nxe5 21. Nf5 Bxf5 22. Rxf5 h6 {1-0 (63) Dang,D (2140)-Ong Way,J (1908) Da Nang 2008}) 17. Nf5 Bxf5 18. exf5 Nc4 19. Bxc4 Qxc4 20. Qd3 ({Don't go for} 20. Bxd6 $2 Bxd6 21. Qf3 Ng4 $19) 20... Qc6 21. Rfe1 Rfe8 22. Nd5 Qc5+ 23. Kf1 Nxd5 24. Qxd5 Bh4 {[%csl Gh4][%cal Rc5f2] [#]} 25. Rxe8+ Rxe8 {[%csl Gh4][%cal Rc5f2]} 26. g3 $40 {[%mdl 128] aiming for Qxc5. White mounts an attack.} Bf6 27. c3 Qxd5 ({Black should try} 27... Qa7 $14) 28. Rxd5 $16 Be5 (28... Be7 $16) 29. Bxe5 $18 dxe5 {[%mdl 4096] Endgame [#] KR-KR} 30. Rd7 $1 f6 31. Ra7 h5 {intending ...Rd8.} 32. Rxa6 Rd8 33. Ke2 Kh7 34. Rb6 Rd5 35. Kf3 Kh6 36. Ke4 Rc5 (36... Rd2 $16) 37. h4 Kh7 38. Rd6 Rc4+ 39. Ke3 Rc7 (39... Rc5 {is a better defense.} 40. Rd7 Rc6) 40. Rd5 Rb7 41. b4 g6 42. Ke4 Kg7 43. Rc5 Ra7 (43... Kf7 $142 44. c4 bxc4 45. Rxc4 gxf5+ 46. Kxf5 Ra7) 44. Rxb5 Rxa3 45. Rb7+ Kh6 46. Rc7 Rb3 47. Rf7 gxf5+ (47... Rxc3 {was called for.} 48. Rxf6 Rc4+ 49. Kxe5 Rxb4 50. Rxg6+ Kh7) 48. Kxf5 Rxc3 49. Rxf6+ Kh7 $2 (49... Kg7 50. Rg6+ Kf7) 50. Kxe5 Rxg3 51. Kd6 Rg4 52. b5 Rxh4 53. b6 Rb4 54. Kc7 {White mates.} h4 55. b7 Kg7 56. Rc6 h3 57. b8=Q h2 58. Qxb4 h1=Q 59. Qe7+ Kh8 60. Qf8+ Kh7 61. Qf5+ Kh8 62. Qf6+ Kh7 63. Qg6+ Kh8 64. Qh6+ {Weighted Error Value: White=0.09/Black=0.37} 1-0

[Event "POL Youth-ch U20 Girls 2020"]
[Site "Pokrzywna"]
[Date "2020.12.01"]
[Round "3.9"]
[White "Czernikowska, Laura"]
[Black "Szczotka, Klara"]
[Result "1/2-1/2"]
[WhiteElo "1508"]
[BlackElo "1928"]
[Annotator "TA"]
[PlyCount "62"]
[EventDate "2020.11.29"]
[EventType "swiss"]
[EventCountry "POL"]
[SourceTitle "playchess.com"]
[Source "ChessBase"]
[SourceQuality "1"]

{[%evp 13,62,11,10,0,6,-9,-6,-4,0,0,9,2,15,5,29,11,11,8,90,43,39,36,40,37,53,48,53,10,47,45,41,0,29,29,39,39,41,27,27,0,41,0,27,0,44,0,34,0,37,0,27]} 1. d4 Nf6 2. Nf3 d5 3. e3 e6 4. Bd3 Bd6 5. b3 O-O 6. O-O b6 7. Bb2 Bb7 8. Nbd2 {8.Nbd2 is better than 8.c4. D05: Colle System with ...e6.} Ne4 9. Qe2 Nd7 10. Ne5 f6 11. Nxd7 Qxd7 12. c4 {[#]} Rfd8 $146 ({Predecessor:} 12... Rae8 13. Rad1 Qe7 14. f3 Nxd2 15. Qxd2 c5 16. Qc2 h6 17. Kh1 Qc7 18. h3 cxd4 19. exd4 dxc4 20. bxc4 {0-1 (40) Knors,R (2034)-Haldemann,P (2205) Arco 2002}) 13. Rfd1 Bb4 14. Nxe4 (14. Nb1 {keeps more tension.} dxc4 15. Bxc4 Rac8 16. f3 Nd6 17. Bd3) 14... dxe4 15. Bc2 Qf7 (15... a5 $11) 16. a3 Be7 17. b4 a5 18. Bc3 axb4 19. axb4 Qf8 20. Qe1 Rxa1 (20... b5 $5) 21. Rxa1 Ra8 22. Ra4 Rxa4 (22... b5 $5 23. cxb5 Rxa4 24. Bxa4 Bd5 $11) 23. Bxa4 Qa8 24. Qd1 Ba6 25. Bb3 Bb7 26. Ba4 Ba6 27. Bb3 (27. b5 $5 {[%cal Rb5a6]} Bb7 28. h3 $14) 27... Bb7 28. Ba4 Ba6 29. Bb3 (29. b5 $5 {[%cal Rb5a6]} Bb7 30. g3 $14) 29... Bb7 30. Ba4 Ba6 31. Bb3 (31. b5 $5 {[%cal Rb5a6]} Bb7 32. Qb3 $14) 31... Bb7 {Weighted Error Value: White=0.20/Black=0.11} 1/2-1/2

[Event "POL Youth-ch U20 Girls 2020"]
[Site "Pokrzywna"]
[Date "2020.12.01"]
[Round "3.10"]
[White "Adamczyk, Zuzanna"]
[Black "Bukala, Weronika"]
[Result "1-0"]
[WhiteElo "1924"]
[BlackElo "1677"]
[Annotator "TA"]
[PlyCount "41"]
[EventDate "2020.11.29"]
[EventType "swiss"]
[EventCountry "POL"]
[SourceTitle "playchess.com"]
[Source "ChessBase"]
[SourceQuality "1"]

{[%evp 10,41,62,39,33,30,34,38,42,25,38,-10,21,17,53,61,95,-22,0,-17,29,22,24,23,32,12,27,33,43,32,166,149,218,214]} 1. d4 Nf6 2. Nf3 g6 3. c4 c5 4. d5 b5 5. cxb5 a6 6. bxa6 Bg7 {6...Bxa6 is not played anymore. A58: Benko/Volga Gambit: Lines with 5 bxa6.} 7. Nc3 O-O 8. e4 {8.g3 is more advanced technology.} e6 {[#] White is slightly better.} 9. dxe6 $146 ({Predecessor:} 9. Be2 exd5 10. exd5 Bxa6 11. Bxa6 Nxa6 12. O-O d6 13. h3 Re8 14. Bf4 Rb8 15. b3 {0-1 (56) Cvitan,O (2467)-Sydoryka,V (2355) chess.com INT 2020}) 9... fxe6 10. Qd6 Nxa6 (10... Qa5 $5 {[%cal Rf6e4]} 11. Bd2 Nc6 $14) 11. Bc4 Bb7 12. O-O Ne8 13. Qd3 (13. Qg3 $16) 13... Nb4 $11 14. Qe2 d5 (14... Nd6 $5 {[%cal Rd6c4]}) 15. exd5 exd5 16. Bg5 $36 {[%mdl 2048] White is pushing.} Qc8 17. a3 {[%cal Ba2a3,Ba3b4][%mdl 32]} dxc4 18. Qxc4+ {[%mdl 64] [#] Double Attack} Kh8 {Strongly threatening ...Nd6.} 19. axb4 Nd6 (19... cxb4 $14 20. Qxb4 Bxf3 21. gxf3 Rb8) 20. Qxc5 $18 Rxa1 (20... Nc4 $16) 21. Rxa1 {Weighted Error Value: White=0.26/Black=0.39} 1-0